Diplomacie (teorie - praxe - dějiny)
Guardado en:
| Autor principal: | |
|---|---|
| Formato: | Libro |
| Lenguaje: | checo |
| Publicado: |
Plzeň
Vydavatelství a nakladatelství Aleš Čeněk
2011
|
| Materias: | |
| Etiquetas: |
Sin Etiquetas, Sea el primero en etiquetar este registro!
|
MARC
| LEADER | 00000nam a2200000 4500 | ||
|---|---|---|---|
| 001 | 0143941 | ||
| 005 | 20240312122051.7 | ||
| 020 | |a 978-80-7380-332-2 | ||
| 041 | 0 | |a cze | |
| 245 | 1 | 0 | |a Diplomacie |b (teorie - praxe - dějiny) |c Zdeněk Veselý |
| 264 | 1 | |a Plzeň |b Vydavatelství a nakladatelství Aleš Čeněk |c 2011 | |
| 300 | |a 493 s. | ||
| 610 | 2 | 0 | |a diplomacia |
| 610 | 2 | 0 | |a história |
| 610 | 2 | 0 | |a vzťahy medzinárodné |
| 610 | 2 | 0 | |a organizácie medzinárodné |
| 610 | 2 | 0 | |a komunikácia |
| 100 | 1 | |a Veselý, Zdeněk | |